| 000 | 00389nam a22001337a 4500 | ||
|---|---|---|---|
| 082 |
_aCP37 _bCS-111 |
||
| 100 |
_aMaj Syed Mohsin Ali _950912 |
||
| 245 |
_aFundamentials of Computer Programming (FCP) _cMaj Syed Mohsin Ali |
||
| 250 | _aFall-2015 | ||
| 260 |
_aRisalpur _bMCE _cFall-2015 |
||
| 500 | _aCED-83, Section C | ||
| 526 |
_a0 _b0 _c0 _dCP_000000000000000_37_CS111 |
||
| 942 |
_2ddc _cBKB |
||
| 999 |
_c553663 _d553663 |
||